00429pab a2200157 454500008004000000100002300040245006200063260000900125300001300134362000800147650002400155650002800179650002000207700001800227773002600245180718b2001 xxu||||| |||| 00| 0 eng d aChandakavate, M.S. aEconomic reforms and Indian agriculture: some reflections c2001 ap.169-76 aAug aAgriculture - India aEconomic reform - India aEconomic reform aBiradar, R.R. aAsian Economic Review